000 01037naa a22002777a 4500
001 BR7806564
003 BR-BrBNA
005 20240918174233.0
007 ta
008 230509b bl.||||| |||| 00| 0 por d
040 _aBR-BrBNA
_bpor
_cBiblioteca Nacional de Agricultura
041 _a(Pt)
072 _aF27
_b2120
090 _aF27 BR7806564
100 1 _aChaves, J.C.D.
111 1 _a6. Congresso Brasileiro de Pesquisas Cafeeiras
_cRibeirao Preto, SP (Brazil)
_d24 Oct 1978
245 1 _aEstudos de culturas intercalares em cafezais recepados e em formacao
260 3 _aRio de Janeiro, RJ (Brasil):
_c1978.
500 _aResumos do 6. Congresso Brasileiro de Pesquisas Cafeeiras Rio de Janeiro, RJ (Brasil): 1978. p. 125-127 (BR7806564-AM)F27
650 _aCAFE
650 _aCULTIVO INTERCALADO
650 _aRECEPA
773 0 _tResumos do 6. Congresso Brasileiro de Pesquisas Cafeeiras
_wF27 BR7806564
_gRio de Janeiro, RJ (Brasil), 1978. p. 125-127
909 _a202404
_bLucia
_c55
_dLucia Elande
942 _cAM
_2AGRIS
999 _c309796
_d309796